[Event "GER-ch U16 Girls"]
[Site "Willingen"]
[Date "2023.06.03"]
[Round "9"]
[White "Petrosyan, Ani"]
[Black "Heuberger, Sandra"]
[Result "1-0"]
[WhiteElo "1370"]
[BlackElo "1196"]
[PlyCount "131"]
[EventDate "2023.05.27"]
[EventType "swiss"]
[EventRounds "9"]
[EventCountry "GER"]
[SourceTitle "CBM 214 Extra"]
[Source "ChessBase"]
[SourceDate "2023.07.31"]
[SourceVersion "1"]
[SourceVersionDate "2023.07.31"]
[SourceQuality "1"]

1. d4 d5 2. c4 e6 3. cxd5 exd5 4. Nc3 Nf6 5. g3 Bb4 6. a3 Be7 7. Bg2 0-0 8. Nf3 a6 9. 0-0 Be6 10. Qb3 Nc6 11. Bf4 Rb8 12. Qc2 Re8 13. Rfd1 Qd7 14. Ne5 Qc8 15. Rac1 Rd8 16. Na4 Bf5 17. Nxc6 bxc6 18. Qxc6 Bd7 19. Qc2 Bxa4 20. Qxa4 Rxb2 21. Rxc7 Qe6 22. e3 Ra2 23. Rc6 Qf5 24. Qb3 Rxa3 25. Qb7 Bf8 26. Rxa6 Rc3 27. Qb1 Rc2 28. Rd2 Rdc8 29. Rxc2 Qxc2 30. Qxc2 Rxc2 31. Ra8 Rc6 32. Rd8 Rc1+ 33. Bf1 Rc6 34. Kg2 h6 35. Be5 g6 36. Bb5 Rb6 37. Bxf6 Rxf6 38. Rxd5 Kg7 39. Rd7 Bb4 40. Bc4 Be1 41. f4 Bd2 42. e4 Be3 43. e5 Rc6 44. Rxf7+ Kh8 45. Bd3 Bxd4 46. Be4 Rb6 47. Rd7 Bb2 48. Rd6 Rb4 49. Bxg6 Kg7 50. Bf5 Rb5 51. Rg6+ Kf7 52. Rxh6 Kg7 53. Rh7+ Kf8 54. Bd7 Rd5 55. e6 Ba3 56. Rf7+ Kg8 57. e7 Kxf7 58. e8Q+ Kg7 59. Be6 Rd2+ 60. Kh3 Re2 61. Qg8+ Kh6 62. Qg5+ Kh7 63. Bf7 Rxh2+ 64. Kxh2 Be7 65. Qg6+ Kh8 66. Qg8# 1-0

[Event "GER-ch U16 Girls"]
[Site "Willingen"]
[Date "2023.05.31"]
[Round "5"]
[White "Rotaermel, Leonie"]
[Black "Heuberger, Sandra"]
[Result "0-1"]
[WhiteElo "1606"]
[BlackElo "1196"]
[PlyCount "58"]
[EventDate "2023.05.27"]
[EventType "swiss"]
[EventRounds "9"]
[EventCountry "GER"]
[SourceTitle "CBM 214 Extra"]
[Source "ChessBase"]
[SourceDate "2023.07.31"]
[SourceVersion "1"]
[SourceVersionDate "2023.07.31"]
[SourceQuality "1"]

1. e4 e5 2. Nf3 Nc6 3. Bc4 Nf6 4. d3 Be7 5. 0-0 0-0 6. h3 d6 7. a4 Be6 8. Nbd2 d5 9. exd5 Bxd5 10. Re1 Bd6 11. c3 Re8 12. Bxd5 Nxd5 13. Qb3 Nf4 14. Qxb7 Qd7 15. Qb5 a6 16. Qc4 Na5 17. Qe4 f5 18. Qe3 Nb7 19. Nb3 Qc6 20. Kf1 Nc5 21. Nxc5 Bxc5 22. Qd2 Rad8 23. Qc2 Nxd3 24. Re2 e4 25. Ng5 h6 26. Qb3+ Rd5 27. c4 Rdd8 28. Nxe4 Rxe4 29. Rd2 Re1# 0-1

[Event "GER-ch U12 Girls"]
[Site "Willingen"]
[Date "2020.10.31"]
[Round "7"]
[White "Heuberger, Sandra"]
[Black "Marrufo, Emilia"]
[Result "0-1"]
[WhiteElo "1004"]
[BlackElo "788"]
[PlyCount "124"]
[EventDate "2020.10.26"]
[EventType "swiss"]
[EventRounds "7"]
[EventCountry "GER"]
[SourceTitle "CBM 199 Extra"]
[Source "ChessBase"]
[SourceDate "2021.01.31"]
[SourceVersion "1"]
[SourceVersionDate "2021.01.31"]
[SourceQuality "1"]

1. d4 d5 2. c4 c6 3. Nc3 Nf6 4. Bg5 Ne4 5. Nxe4 dxe4 6. e3 g6 7. g3 Bg7 8. Bg2 Bf5 9. Ne2 0-0 10. 0-0 Nd7 11. Nc3 h6 12. Bf4 Nf6 13. Qb3 Qd7 14. Rad1 Rad8 15. Be5 Qe6 16. Bxf6 Bxf6 17. Rfe1 Rfe8 18. Ne2 Rd7 19. Nf4 Qd6 20. Qc2 e5 21. dxe5 Qxe5 22. Rxd7 Bxd7 23. b3 Bf5 24. Ne2 Re7 25. Qd2 Rd7 26. Qc2 b6 27. Nd4 Qa5 28. Rd1 Bxd4 29. Rxd4 Rxd4 30. exd4 Qe1+ 31. Bf1 Bh3 32. Qe2 Qxe2 33. Bxe2 Kf8 34. d5 cxd5 35. cxd5 Ke7 36. a4 a5 37. Bc4 f5 38. Bf1 Bxf1 39. Kxf1 g5 40. Ke2 f4 41. gxf4 gxf4 42. h3 Kd6 43. h4 Kxd5 44. h5 Kd4 45. f3 Ke5 46. Kf2 Kd4 47. Ke2 e3 48. Ke1 Kd3 49. Kd1 Kc3 50. Ke2 Kd4 51. Ke1 Ke5 52. Ke2 Kf5 53. Ke1 Kg5 54. Ke2 Kxh5 55. Ke1 Kh4 56. Ke2 Kg3 57. Ke1 Kxf3 58. Kf1 e2+ 59. Ke1 h5 60. Kd2 Kf2 61. Kd3 e1Q 62. Kd4 Kg3 0-1

[Event "GER-chT Lands U20"]
[Site "Berlin"]
[Date "2020.10.01"]
[Round "3.8"]
[White "Chassard, Cecilia"]
[Black "Heuberger, Sandra"]
[Result "0-1"]
[WhiteElo "980"]
[BlackElo "1004"]
[PlyCount "54"]
[EventDate "2020.09.29"]
[EventType "team-swiss"]
[EventRounds "7"]
[EventCountry "GER"]
[SourceTitle "CBM 198 Extra"]
[Source "ChessBase"]
[SourceDate "2020.11.30"]
[SourceVersion "1"]
[SourceVersionDate "2020.11.30"]
[SourceQuality "1"]
[WhiteTeam "Saarland U20"]
[BlackTeam "Brandenburg U20"]
[WhiteTeamCountry "GER"]
[BlackTeamCountry "GER"]

1. e4 e5 2. Nf3 Nc6 3. Bc4 Nf6 4. d3 d5 5. exd5 Nxd5 6. Bxd5 Qxd5 7. c4 Qd8 8. 0-0 Bg4 9. h3 Bh5 10. Nbd2 Bd6 11. Re1 0-0 12. Qc2 Re8 13. b3 Bg6 14. Qc3 f6 15. d4 exd4 16. Nxd4 Nxd4 17. Qxd4 Bh2+ 18. Kxh2 Qxd4 19. Rxe8+ Rxe8 20. Bb2 Qxd2 21. Ba3 Qd4 22. Rc1 h6 23. f3 Re2 24. Rg1 Qf4+ 25. Kh1 Bf5 26. Bc1 Qg3 27. Rf1 Qxg2# 0-1

[Event "Heusenstamm Sparkassen op U14 5th"]
[Site "Heusenstamm"]
[Date "2018.11.25"]
[Round "6"]
[White "Rehbein, Vitus"]
[Black "Heuberger, Sandra"]
[Result "0-1"]
[WhiteElo "1159"]
[BlackElo "1055"]
[PlyCount "100"]
[EventDate "2018.11.23"]
[EventType "swiss"]
[EventRounds "7"]
[EventCountry "GER"]
[SourceTitle "CBM 188 Extra"]
[Source "ChessBase"]
[SourceDate "2019.02.26"]
[SourceVersion "1"]
[SourceVersionDate "2019.02.26"]
[SourceQuality "1"]

1. e4 e5 2. Nf3 Nc6 3. Bc4 Nf6 4. d3 d5 5. 0-0 dxc4 6. dxc4 Bc5 7. Qxd8+ Nxd8 8. Nc3 0-0 9. Nxe5 Re8 10. Nf3 Nc6 11. Re1 Bd6 12. h3 b6 13. Nb5 Bb7 14. Nxd6 cxd6 15. Bf4 Nxe4 16. c3 Rad8 17. Re3 Ne7 18. Rae1 Nf5 19. R3e2 Re6 20. Ng5 Nxg5 21. Bxg5 Rde8 22. Rxe6 Rxe6 23. Rd1 h6 24. Bf4 g5 25. Bh2 Kh7 26. Kf1 Ba6 27. b3 Rf6 28. Kg1 Bb7 29. g4 Nh4 30. Bxd6 Nf3+ 31. Kf1 Be4 32. a3 Bc2 33. Be7 Re6 34. Rd7 Bxb3 35. c5 Bc4+ 36. Kg2 Nh4+ 37. Kh2 Nf3+ 38. Kg2 Ne5 39. Rxa7 Bd5+ 40. Kf1 Nc6 41. Rd7 Nxe7 42. cxb6 Bc4+ 43. Kg2 Bb5 44. Rc7 Bc6+ 45. Kf1 Nd5 46. Rxf7+ Kg6 47. b7 Bb5+ 48. Kg2 Rb6 49. Rf5 Rxb7 50. Rxd5 Bc6 0-1

[Event "Heusenstamm Sparkassen op U14 5th"]
[Site "Heusenstamm"]
[Date "2018.11.24"]
[Round "3"]
[White "Heuberger, Sandra"]
[Black "Bako, Isabella"]
[Result "1-0"]
[WhiteElo "1055"]
[BlackElo "820"]
[PlyCount "47"]
[EventDate "2018.11.23"]
[EventType "swiss"]
[EventRounds "7"]
[EventCountry "GER"]
[SourceTitle "CBM 188 Extra"]
[Source "ChessBase"]
[SourceDate "2019.02.26"]
[SourceVersion "1"]
[SourceVersionDate "2019.02.26"]
[SourceQuality "1"]

1. d4 d5 2. c4 dxc4 3. e3 Be6 4. Nc3 Nf6 5. Nf3 Nbd7 6. Be2 g6 7. 0-0 Bg7 8. e4 c5 9. e5 cxd4 10. Qxd4 Ng4 11. Bxc4 Bxc4 12. Qxc4 Ndxe5 13. Nxe5 Bxe5 14. Qxg4 Qc7 15. Nd5 Kd8 16. Nxc7 Kxc7 17. Qc4+ Kd8 18. Rd1+ Bd6 19. Bg5 Ke8 20. Qb5+ Kf8 21. Rac1 a6 22. Qc4 h6 23. Qd4 hxg5 24. Qxh8# 1-0

[Event "GER-ch U10 Girls"]
[Site "Willingen"]
[Date "2018.05.25"]
[Round "10"]
[White "Chassard, Cecilia"]
[Black "Heuberger, Sandra"]
[Result "0-1"]
[WhiteElo "821"]
[BlackElo "1132"]
[PlyCount "86"]
[EventDate "2018.05.19"]
[EventType "swiss"]
[EventRounds "11"]
[EventCountry "GER"]
[SourceTitle "CBM 184 Extra"]
[Source "ChessBase"]
[SourceDate "2018.06.28"]
[SourceVersion "1"]
[SourceVersionDate "2018.06.28"]
[SourceQuality "1"]

1. e4 e5 2. Nf3 Nc6 3. Bc4 Nf6 4. Nc3 Nxe4 5. Nxe4 d5 6. Bd3 dxe4 7. Bxe4 Bc5 8. d3 h6 9. Be3 Bb6 10. 0-0 Bg4 11. c3 0-0 12. Re1 f5 13. Bxc6 bxc6 14. Bxb6 cxb6 15. Rxe5 Re8 16. Rxe8+ Qxe8 17. Qe1 f4 18. Qxe8+ Rxe8 19. Re1 Re6 20. Rxe6 Bxe6 21. Nd4 Kf7 22. Nxe6 Kxe6 23. f3 g5 24. g4 fxg3 25. hxg3 h5 26. g4 hxg4 27. fxg4 Ke5 28. Kf2 Kf4 29. b4 Kxg4 30. Kg2 Kf4 31. a4 c5 32. bxc5 bxc5 33. d4 c4 34. d5 Ke5 35. Kf3 Kxd5 36. Kg4 Ke4 37. Kxg5 Kd3 38. Kf4 Kxc3 39. Ke3 Kb3 40. a5 c3 41. Ke2 c2 42. Kd2 Kb2 43. a6 c1Q+ 0-1

[Event "GER-ch U10 Girls"]
[Site "Willingen"]
[Date "2018.05.24"]
[Round "8"]
[White "Petrosyan, Ani"]
[Black "Heuberger, Sandra"]
[Result "0-1"]
[WhiteElo "1278"]
[BlackElo "1132"]
[PlyCount "86"]
[EventDate "2018.05.19"]
[EventType "swiss"]
[EventRounds "11"]
[EventCountry "GER"]
[SourceTitle "CBM 184 Extra"]
[Source "ChessBase"]
[SourceDate "2018.06.28"]
[SourceVersion "1"]
[SourceVersionDate "2018.06.28"]
[SourceQuality "1"]

1. e4 e5 2. Nf3 Nc6 3. Bc4 Nf6 4. Ng5 d5 5. exd5 Na5 6. d3 Nxc4 7. dxc4 h6 8. Nf3 e4 9. Nd4 Bc5 10. h3 0-0 11. 0-0 c6 12. Nb3 Bd6 13. Be3 Be5 14. N1d2 cxd5 15. cxd5 Qxd5 16. c3 Bc7 17. Qc2 Qd6 18. f4 exf3 19. Nxf3 b6 20. Rad1 Qe6 21. Nbd4 Qxe3+ 22. Kh1 Bb7 23. Rde1 Qf4 24. Kg1 Rae8 25. Ne5 Qg5 26. Rf5 Qg3 27. Ndf3 Re6 28. Re3 Rfe8 29. Qe2 g6 30. Ng5 Qxe3+ 31. Qxe3 gxf5 32. Nxe6 Rxe6 33. Qxh6 Bxe5 34. Qg5+ Kf8 35. Qxf5 Ke7 36. h4 Be4 37. Qf1 Ng4 38. Qe2 Nh6 39. Kf1 Rf6+ 40. Ke1 Bg3+ 41. Kd1 Rd6+ 42. Kc1 Bf4+ 43. Qe3 Bxe3# 0-1

[Event "GER-ch U10 Girls"]
[Site "Willingen"]
[Date "2017.06.09"]
[Round "9"]
[White "Hebestreit, Marie"]
[Black "Heuberger, Sandra"]
[Result "0-1"]
[WhiteElo "896"]
[BlackElo "902"]
[PlyCount "52"]
[EventDate "2017.06.04"]
[EventType "swiss"]
[EventRounds "11"]
[EventCountry "GER"]
[SourceTitle "CBM 178 Extra"]
[Source "ChessBase"]
[SourceDate "2017.06.22"]
[SourceVersion "1"]
[SourceVersionDate "2017.06.22"]
[SourceQuality "1"]

1. e4 e5 2. Nf3 Nc6 3. Nc3 Nf6 4. Bc4 Nxe4 5. Nxe4 d5 6. Bb3 dxe4 7. Ng5 Qxg5 8. d3 Qg6 9. Be3 Bd6 10. Bd5 exd3 11. cxd3 0-0 12. Qb1 Bf5 13. Be4 Bb4+ 14. Kf1 Bxe4 15. dxe4 Rad8 16. Qc2 h6 17. a3 Ba5 18. b4 Bb6 19. Bxb6 axb6 20. b5 Nd4 21. Qd3 Ne6 22. Qc4 Nf4 23. Rg1 Rd4 24. Qc2 Rxe4 25. Re1 Rxe1+ 26. Kxe1 Qxc2 0-1

[Event "GER-ch U10 Girls"]
[Site "Willingen"]
[Date "2017.06.07"]
[Round "6"]
[White "Margaryan, Venera"]
[Black "Heuberger, Sandra"]
[Result "1/2-1/2"]
[WhiteElo "773"]
[BlackElo "902"]
[PlyCount "51"]
[EventDate "2017.06.04"]
[EventType "swiss"]
[EventRounds "11"]
[EventCountry "GER"]
[SourceTitle "CBM 178 Extra"]
[Source "ChessBase"]
[SourceDate "2017.06.22"]
[SourceVersion "1"]
[SourceVersionDate "2017.06.22"]
[SourceQuality "1"]

1. d4 d5 2. c4 e6 3. Nf3 Nc6 4. Nc3 Nf6 5. Bf4 Be7 6. e3 0-0 7. Bd3 dxc4 8. Bxc4 Bd7 9. 0-0 a6 10. Be5 b5 11. Bd3 b4 12. Ne4 Rc8 13. Bxa6 Rb8 14. Nxf6+ Bxf6 15. Bxf6 Qxf6 16. Qa4 Ra8 17. Qb5 Nb8 18. Qxb4 Nxa6 19. Qc4 c6 20. Ne5 Bc8 21. Qxc6 Rb8 22. Nd7 Bxd7 23. Qxd7 Rfd8 24. Qc6 Nb4 25. Qc4 h6 26. a3 1/2-1/2

[Event "GER-ch U10 Girls"]
[Site "Willingen"]
[Date "2017.06.04"]
[Round "1"]
[White "Heuberger, Sandra"]
[Black "Fischer, Darja"]
[Result "0-1"]
[WhiteElo "902"]
[BlackElo "1196"]
[PlyCount "60"]
[EventDate "2017.06.04"]
[EventType "swiss"]
[EventRounds "11"]
[EventCountry "GER"]
[SourceTitle "CBM 178 Extra"]
[Source "ChessBase"]
[SourceDate "2017.06.22"]
[SourceVersion "1"]
[SourceVersionDate "2017.06.22"]
[SourceQuality "1"]

1. e4 e5 2. Nf3 Nc6 3. Bc4 Bc5 4. 0-0 Nf6 5. Nc3 0-0 6. d3 d6 7. Bg5 Be6 8. Bxe6 fxe6 9. Qd2 Nd4 10. Nxd4 exd4 11. Ne2 e5 12. Ng3 g6 13. Qe2 c6 14. Qf3 d5 15. exd5 cxd5 16. Bh6 Rf7 17. Bg5 Qd6 18. Rad1 Qe6 19. Bxf6 Rxf6 20. Qe2 Re8 21. a3 a5 22. Qd2 Qb6 23. Rb1 Ref8 24. Rfe1 Rxf2 25. Qd1 Qd6 26. Qg4 h6 27. Nh5 e4 28. dxe4 dxe4 29. Rxe4 d3 30. cxd3 Rf1# 0-1

[Event "GER-ch U10 Girls"]
[Site "Willingen"]
[Date "2017.06.04"]
[Round "2"]
[White "Keymer, Cecilia"]
[Black "Heuberger, Sandra"]
[Result "1-0"]
[WhiteElo "1283"]
[BlackElo "902"]
[PlyCount "133"]
[EventDate "2017.06.04"]
[EventType "swiss"]
[EventRounds "11"]
[EventCountry "GER"]
[SourceTitle "CBM 178 Extra"]
[Source "ChessBase"]
[SourceDate "2017.06.22"]
[SourceVersion "1"]
[SourceVersionDate "2017.06.22"]
[SourceQuality "1"]

1. d4 d5 2. c4 e6 3. Nc3 Nf6 4. cxd5 exd5 5. Bg5 Be7 6. e3 0-0 7. Bd3 Nbd7 8. Nf3 Re8 9. Qc2 Nf8 10. 0-0 b6 11. Rab1 Bb7 12. b4 Rb8 13. a4 Qd7 14. Bb5 c6 15. Ne5 Qe6 16. Bd3 Red8 17. Bf5 Qd6 18. Bf4 Qc7 19. Nc4 Bd6 20. Bxd6 Rxd6 21. Nxd6 Qxd6 22. b5 c5 23. dxc5 bxc5 24. Rfd1 d4 25. exd4 cxd4 26. Qd3 Qf4 27. Ne2 Qg5 28. g3 Rd8 29. Rbc1 Rd5 30. Be4 Nxe4 31. Qxe4 Rd7 32. Qd3 Qd5 33. f3 Qe6 34. Nf4 Qd6 35. Rc4 Re7 36. Rxd4 Qb6 37. Kg2 g6 38. Nd5 Bxd5 39. Rxd5 Re3 40. Qd4 Qxd4 41. R5xd4 Re2+ 42. Kh1 Ne6 43. Rd7 Nc5 44. Rxa7 Nb3 45. b6 Nc5 46. b7 Nxb7 47. Rxb7 Ra2 48. Rdd7 Rxa4 49. Rxf7 Rd4 50. Rg7+ Kf8 51. Rxh7 Kg8 52. Rhg7+ Kf8 53. Rxg6 Rd1+ 54. Kg2 Rd2+ 55. Kh3 Rd4 56. Ra6 Ke8 57. Ra8+ Rd8 58. Rxd8+ Kxd8 59. g4 Kc8 60. Rh7 Kd8 61. g5 Ke8 62. f4 Kf8 63. Ra7 Ke8 64. g6 Kf8 65. f5 Kg8 66. f6 Kf8 67. Ra8# 1-0